Autorita riaditeľa a manažérske funkcie v práci školy je nenahraditeľná a potrebná, ale..
Pokračovanie článku z predchádzajúceho čísla. Dynamické zmeny v spoločnosti a právne postavenie škôl. Zistenie názorov riaditeľov škôl na komplex sociálnych schopností a zručností viazaných na oblasť záujmov a interpersonálnych vzťahov.
Salvato in:
| Autore principale: | |
|---|---|
| Natura: | Capitolo di libro |
| Lingua: | slovacco |
| Soggetti: | |
| Tags: |
Nessun Tag, puoi essere il primo ad aggiungerne!!
|
MARC
| LEADER | 00000naa a2200000 4500 | ||
|---|---|---|---|
| 001 | 0127263 | ||
| 005 | 20231127102405.9 | ||
| 041 | 0 | |a slo | |
| 044 | |a SK | ||
| 245 | 1 | 0 | |a Autorita riaditeľa a manažérske funkcie v práci školy |b je nenahraditeľná a potrebná, ale.. |c Jolana Manniová |
| 520 | |a Pokračovanie článku z predchádzajúceho čísla. Dynamické zmeny v spoločnosti a právne postavenie škôl. Zistenie názorov riaditeľov škôl na komplex sociálnych schopností a zručností viazaných na oblasť záujmov a interpersonálnych vzťahov. | ||
| 610 | 2 | 0 | |a manažment |
| 610 | 2 | 0 | |a školy |
| 610 | 2 | 0 | |a riaditelia |
| 610 | 2 | 0 | |a pracovníci riadiaci |
| 610 | 2 | 0 | |a školstvo |
| 610 | 2 | 0 | |a vzdelávanie |
| 610 | 2 | 0 | |a výchova |
| 610 | 2 | 0 | |a pedagogika |
| 610 | 2 | 0 | |a zručnosti |
| 610 | 2 | 0 | |a komunikácia sociálna |
| 610 | 2 | 0 | |a komunikácia interpersonálna |
| 100 | 1 | |a Manniová, Jolana | |